MDQL
is popping MORE tags! Check the
thread
!
Quizzes
Events
Quiz Creation
Community
Videos
Private Events
Remove Ads
Sign In
Join for FREE
Feedback
Dark Mode
Quiz Categories
Sports
Geography
Music
Movies
Television
Just For Fun
Miscellaneous
History
Literature
Language
Science
Gaming
Entertainment
Religion
Holiday
For Kids
Quiz Lab
Recent
Popular Today
Quiz Kudos Today
Editor Picks
Curator Picks
Quizzes by...
Day
Popularity
Type
Ratings
Length
Year
Community
Subscriptions
Recent Discussions
Orange Saloon
Badges
Playlists
Quests
Create
Leaderboards
Showdown
Live 5
Trivia Bingo
Activity
Puzzle Library
Sporcle Events
Private Events
Virtual Trivia
Globe League
Become a Host
Pub Owners
SporcleCon
Opinionation
Our Games
Videos
Blog
Mobile Apps
Partnerships
Remove Ads and Go Orange
Feedback
Language
Vocabulary
Begins and Ends
Definition
Spanish
French
German
Italian
Chinese
Latin
Translation
Japanese
Language
Vocabulary
Begins and Ends
Definition
Spanish
French
German
Italian
Chinese
Latin
Translation
Japanese
Random Quiz
Search Sporcle
×
Quiz Lab
Quiz Lab
Language
Weekday
Type in answers that appear in a list
Type in answers that appear in a list
Classic
Best Score? Go Orange.
Days of the Week in Foreign Languages Stats
Can you name the Days of the Week in these Foreign Languages?
By
the_calculator
5m
49 Questions
72 Plays
72 Plays
72 Plays
Comments
Comments
Give Quiz Kudos
Give Quiz Kudos
-
- Ratings
hide this ad
Replay
Link that replays current quiz
Next Quiz
Link to next quiz in quiz playlist
You Got
0%
They Got
Avg Score
41%
Avg Friend Score
Upgrade to see
Score Distribution
Jump to the score distribution portion of the page
Score
0/49
Timer
05:00
0
Plays Today
% Correct
lunes
80.6%
mardi
77.8%
lundi
77.8%
domingo
75%
martes
75%
miércoles
75%
mercredi
73.6%
jueves
70.8%
dimanche
69.4%
vendredi
69.4%
viernes
68.1%
sábado
68.1%
Montag
66.7%
jeudi
65.3%
samedi
65.3%
Freitag
62.5%
Donnerstag
56.9%
Mittwoch
55.6%
Dienstag
52.8%
Samstag
52.8%
Sonntag
48.6%
lunedì
44.4%
sabato
43.1%
domenica
41.7%
martedì
38.9%
% Correct
mercoledì
36.1%
giovedì
31.9%
venerdì
31.9%
måndag
29.2%
torsdag
26.4%
söndag
25%
fredag
25%
lördag
25%
tisdag
23.6%
onsdag
23.6%
maandag
22.2%
zondag
22.2%
zaterdag
19.4%
dinsdag
16.7%
vrijdag
15.3%
donderdag
13.9%
woensdag
11.1%
Pazar
8.3%
Cuma
8.3%
Cumartesi
8.3%
Salı
6.9%
Perşembe
5.6%
Çarşamba
4.2%
Pazartezi
2.8%
Quiz Playlist
Details
Report
Send in Message
Add To Playlist
Classic:
Type in answers that appear in a list
Quiz Source
Last Updated: Feb 16, 2017
Quiz Scoreboard
CHALLENGE
Sign Up to Join the Scoreboard
Show All
Scores
Hide
Comments
May contain spoilers
Recently Published
1-10 Letter E Words III
by El_Dandy
Language
2m
Street Fighter Characters
by Artimus82
Gaming
60s
College Basketball Coaching Resumes
by pancakes188
Sports
9m
More to Explore
Quiz From the Vault
Featured Blog Post
Where Did the Easter Bunny Come From?
hide this ad
You Might Also Like...
Tags
Day
foreign
Week
Weekday
Today's Top Quizzes in Language
Browse Language
hide this ad
Today's Top Quizzes in Weekday
Browse Weekday
Top Contributed Quizzes in Language
1
1-10 Letter F Words III
2
1-10 Letter G Words III
3
1-10 Letter H Words III
4
Celtic Nations in their Language
5
Alphabetize! : 'As' words
6
1-10 Letter I Words III
7
One Thing in Common: Italy
8
1-10 Letter J Words III
9
Order Up: Top 10 Most Native Spoken Languages
10
Weisst du, aus welchen Sprachen diese Wörter stammen?
Explore More
Trending Topics
Disney
Crossword
Anime
Kpop
Marvel
NBA
Harry Potter
WWE
The Office
Country
NFL
Song
Puzzle
Pokémon
Soccer
hide this ad
More By:
the_calculator
Quiz
Plays
Rating
Category
Featured
Created
Clickable Hebrew Letters
47,809
4.00
Language
Oct 14, 2012
Giant Star Trek Word Ladder
255
4.20
Just For Fun
Jul 13, 2013
Days of the Week in Foreign Languages
72
5.00
Language
Oct 11, 2012
Go to Creator's Profile
Score Distribution
Quiz Creator Spotlight
the_calculator
Follow
Send a Message
Quizzes Created
-
Created Quiz Play Count
-
More By This Creator
Popular Quizzes Today
1
Find the US States - No Outlines Minefield
2
Find the Countries of Europe - No Outlines Minefield
3
The Countries of the World
4
Find the US States
5
Risky Map Clicking: Biggest States A-Z
6
US States
7
Popular People in 1961
8
Movies - When Are They Set?
More Language Quizzes
5 from 15: Spellings - Ending in F
Editor's Pick
Trending Quizzes
Risky Map Clicking: Least Populous States A-Z
1-10 Letter G Words
1-10 Letter F Words
Countries of the World: 200 Million BC
Risky Map Clicking: Next State Alphabetically
Recently Updated
Beyoncé Albums
pecheneg
Leaping Animals
pecheneg
Reality TV Shows (A-Z)
bhenderson79
Rickey Henderson's Hall of Fame Teammates
pecheneg
Champions League XIs: Arsenal
pecheneg
Quick Pick: Celebrities in WWE's Hall of Fame
aduchscher
A-Z Keypad Blitz II
pecheneg
Multiple Oscar Actors
pecheneg
Mystery Phrase Blitz: Oscar 'Best Actors'
pecheneg
F. Scott Fitzgerald Novels
LTH
Trending Topics
Harry Potter
Crossword
NBA
Anime
Disney
Kpop
Marvel
The Office
WWE
Pokémon
NFL
Soccer
Puzzle
Song
Country
Your Account Isn't Verified!
In order to create a playlist on Sporcle, you need to verify the email address you used during registration. Go to your
Sporcle Settings
to finish the process.
Report this User
Report this user for behavior that violates our
Community Guidelines
.
Details:
Send Report
Go to the Sporcle.com Mobile Site →
Comments